书目信息 |
| 题名: |
拓扑学的首要概念
|
|
| 作者: | 陈锡驹 , 陈锡驹 , 斯廷路德 著 ;蒋守方 , 江泽涵 译 | |
| 分册: | ||
| 出版信息: | 上海 上海科学技术出版社 1984 |
|
| 页数: | 196页 | |
| 开本: | 19cm | |
| 丛书名: | ||
| 单 册: | ||
| 中图分类: | O1-5 | |
| 科图分类: | ||
| 主题词: | 数学 , 拓扑 | |
| 电子资源: | ||
| ISBN: | ||
| 000 | 00913nam0 2200289 45 | |
| 001 | 0184002355 | |
| 005 | 20060308170553.48 | |
| 010 | @dCNY0.88 | |
| 091 | @a13119.1126 | |
| 100 | @a19950620d1984 em y0chiy0121 ea | |
| 101 | 1 | @achi@ceng |
| 102 | @aCN@b310000 | |
| 105 | @ay z 000yy | |
| 200 | 10 | @a拓扑学的首要概念@Atuo pu xue de shou yao gai nian@e线段、曲线、圆周与圆片的映射的几何学@f(美)陈锡驹,斯廷路德著@F(mei)chen xi ju,si ting lu de zhu@g蒋守方,江泽涵译 |
| 210 | @a上海@c上海科学技术出版社@d1984 | |
| 215 | @a196页@d19cm | |
| 606 | 0 | @a数学 |
| 606 | @a拓扑 | |
| 690 | @aO1-5 | |
| 701 | 0 | @a陈锡驹@Achen xi ju@bW.G.@4著 |
| 701 | 0 | @a陈锡驹@Achen xi ju@4著 |
| 701 | 0 | @a斯廷路德@Asi ting lu de@4著 |
| 702 | 0 | @a蒋守方@Ajiang shou fang@4译 |
| 702 | 0 | @a江泽涵@Ajiang ze han@4译 |
| 801 | 2 | @aCN@bNLC@c20060308 |
| 801 | 0 | @aCN@b上海图书馆@c20040521 |
| 905 | @f3@b116836-838@dO1-5@e114:1 | |
| 拓扑学的首要概念:线段、曲线、圆周与圆片的映射的几何学/(美)陈锡驹,斯廷路德著/蒋守方,江泽涵译.-上海:上海科学技术出版社,1984 |
| 196页;19cm |
| ISBN :CNY0.88 |
| ● |
| 相关链接 |
|
|
|
|
正题名:拓扑学的首要概念
索取号:O1-5/114:1
 
预约/预借
| 序号 | 登录号 | 条形码 | 馆藏地/架位号 | 状态 | 备注 |
| 1 | 0116836 | 001246681 | 第三借阅区/ [索取号:O1-5/114:1] | 在馆 | |
| 2 | 0116837 | 001246654 | 第三借阅区/ [索取号:O1-5/114:1] | 在馆 | |
| 3 | 0116838 | 001246707 | 第三借阅区/ [索取号:O1-5/114:1] | 在馆 | |
| 4 | 0116839 | 202189871 | 密集书库/ [索取号:O1-5/114:1] | 在馆 | |
| 5 | 0116840 | 001246690 | 第二样本阅览室/ [索取号:O1-5/114:1] | 在馆 |